LEADER 01294nam a2200289 i 4500 001 000000139329 003 CaOOAMICUS 005 20060201000000.0 008 060201s1981 it u000 u ita u 013 $a113357 040 $aSeMil$bita 100 1 $aWyszynski, Stefan .$0(OLS)http://semarc/name/20414 240 10$aOjcze nasz...$0(OLS)http://semarc/title/203580 245 10$aPadre Nostro /$cStefan Wyszynski ; premessa di Gino Concetti. 260 $aRoma :$bLogos,$c1981. 300 $a197 p. ;$c19 cm. 490 0 $aBiblioteca universale cristiana. Serie pocket ;$v12 500 $aAppartenenza alla collana da catalogo informatico ICCU. 650 4$aPadre Nostro - Meditazioni.$0(OLS)http://semarc/subject/16032 650 4$aPadre Nostro - Commentari e studi.$0(OLS)http://semarc/subject/2093 700 1 $aConcetti, Gino .$0(OLS)http://semarc/name/89696 830 0$aBUC : Biblioteca universale cristiana. Serie pocket ;$v12.$0(OLS)http://semarc/title/11447 850 $aSeMil 852 $aSeMil$W1$xVenegono$y1$m3F I 323$j92738$B92738$CSeMilBibl$Z2$F108930 $81 961 $aOmaggio: Oneta don Marco 996 $6245$aPadre Nostro$9(OLS)http://semarc/title/153646 996 $6260$aRoma :$bLogos$9(OLS)http://semarc/publisher/31609 LEADER 01167nam a2200253 i 4500 001 000000068730 003 CaOOAMICUS 005 20100806000000.0 008 100806s1911 it u000 u ita u 013 $a39902 040 $aSeMil$bita 100 1 $aSpencer, Herbert,$d<1820-1903>.$0(OLS)http://semarc/name/30593 240 10$aPrinciples of sociology.$0(OLS)http://semarc/title/109862 245 10$aIntroduzione alla scienza sociale /$cHerbert Spencer. 250 $a4. ed. italiana sulla 9. ed. inglese ricorretta e aumentata. 260 $aMilano [etc.] :$bFratelli Bocca,$c1911$e(Luogo di manifattura non identificato :$fStab. tip. Guido Momo,$g1911) 300 $aVI, 400 p. ;$c25 cm. 490 0 $aBiblioteca di scienze moderne ;$v15 650 4$aScienze sociali.$0(OLS)http://semarc/subject/2594 830 0$aBiblioteca di scienze moderne ;$v15.$0(OLS)http://semarc/title/18414 850 $aSeMil 852 $aSeMil$W1$xVenegono$y1$m2O IV 20$j34883$B34883$CSeMilBibl$Z2$F34886 $81 996 $6245$aIntroduzione alla scienza sociale$9(OLS)http://semarc/title/109861 996 $6260$aMilano [etc.] :$bFratelli Bocca$9(OLS)http://semarc/publisher/36173